000
00352nam a22001217a 4500
003
SGT
082
_a
920
_b
D21K
100
_a
कुणाल, सायण
245
_a
दमन तक्षको का :जीवनी कुणाल की
260
_b
वाचस्पति प्रकाशन
_c
2021
300
_a
495
942
_2
ddc
_c
BK
999
_c
32017
_d
32017